Smart cities: (Record no. 105794)

MARC details
000 -LEADER
fixed length control field 00670nam a22002057a 4500
005 - DATE AND TIME OF LATEST TRANSACTION
control field 20230925155432.0
010 ## - LCCN (DPL NO)
LC control number ENG-117010 ENG-137124
020 ## - INTERNATIONAL STANDARD BOOK NUMBER
International Standard Book Number 9788182748934
Terms of availability 995.00
035 ## - SYSTEM CONTROL NUMBER
System control number EN-100542 EN-120656
037 ## - SOURCE OF ACQUISITION
Source of stock number/acquisition DBAD/PUB
082 ## - DEWEY DECIMAL CLASSIFICATION NUMBER
Classification number 352.16
245 ## - TITLE STATEMENT
Title Smart cities:
Remainder of title Transforming India/
Statement of responsibility, etc Edited by Omji Gupta, Devesh Ranjan and Gaurav Sankalp ; forwared by M.P. Dube
300 ## - PHYSICAL DESCRIPTION
Extent xvi,278p.:
Other physical details ill
Dimensions 24cm (pbk)
500 ## - GENERAL NOTE
General note Includes references and index
700 ## - ADDED ENTRY--PERSONAL NAME
Personal name Gupta, Omji
9 (RLIN) 57396
700 ## - ADDED ENTRY--PERSONAL NAME
Personal name Devesh Ranjan
9 (RLIN) 57397
700 ## - ADDED ENTRY--PERSONAL NAME
Personal name Gaurav Sankalp
9 (RLIN) 57398
700 ## - ADDED ENTRY--PERSONAL NAME
Personal name Dube,M.P.
9 (RLIN) 57399
942 ## - ADDED ENTRY ELEMENTS (KOHA)
Source of classification or shelving scheme Dewey Decimal Classification
Item type English Books
Classification part 352.16
Call number suffix SMA
Holdings
Withdrawn status Lost status Not for loan Collection code Home library Current library Date acquired Source of acquisition Cost, normal purchase price Full call number Barcode Copy number Cost, replacement price Koha item type
    Not For Loan Non-fiction D.B.Act.Division Bawana 06/01/2017 DBAD/PUB 995.00 352.16 SMA EN-100542 1 995.00 English Books
      Non-fiction D.B.Act.Division Mobile Library 13/06/2023 DBAD/PUB 995.00 352.16 SMA EN-120656 1 995.00 English Books

© Delhi Public Library
Hit Counter
free hit counter